00479nam a2200193 a 4500001001300000003000900013005001700022008004100039020001000080082001700090100002400107245002900131260003500160300000900195500003500204505001000239650001200249700002400261nice12345678IN_TiNIC20260116012119.0050524s0000 newa grp 000 0 eng  ac14700a231.044bRIC aRichardson, Cyril C aDoctrines of the Trinity aNew YorkbAbingdon Pressc0000 a159p aincludes index and biblioraphy2 aIndex aTrinity1 aRichardson, Cyril C